| 000 | 00720nam a2200193 a 4500 | ||
|---|---|---|---|
| 003 | 0 | ||
| 005 | 20250424120829.0 | ||
| 008 | 050809s19uu xx 00 eng d | ||
| 050 |
_aPHS LB 1060.E34 _b.W36 2005 |
||
| 100 | _aWang, Kuo Hsing. | ||
| 245 |
_aThe Effects of playing Ragnarok on the academic performance of SISC students / _cKuo Hsing Wang. |
||
| 260 |
_aLas PiƱas City, Philippines : _bSouthville International School and Colleges, _c2005. |
||
| 300 |
_a30 pages : _billustrations ; _c28 cm. |
||
| 504 | _aIncludes bibliographical references. | ||
| 650 | _aRagnarok (Computer game). | ||
| 650 |
_aAcademic achievement _zPhilippines. |
||
| 650 |
_aVideo games and teenagers _zPhilippines. |
||
| 942 |
_2lcc _cPASS |
||
| 999 |
_c97321 _d97321 |
||